Estatísticas para Países Mais Recentes

Clique aqui para jogar o quiz

Estatísticas Gerais

  • Esse quiz foi jogado 1 458 vezes
  • A pontuação média é 8 de 20

Estatísticas das Respostas

País mais recente a …AnoPaís% Correto
Ultrapassar 1 bilhão em população1998Índia
94%
Sofrer um terromoto de 9.02011Japão
82%
Tornar-se uma potência nuclear2006Coreia do Norte
71%
Sediar as Olimpíadas de Inverno2022China
63%
Tornar-se independente2011Sudão do Sul
54%
Invadir território britânico1982Argentina
52%
Oficialmente executar um ex-líder2006Iraque
50%
Ser povoado por humanos (Europa)874Islândia
42%
Estabalecer relações diplomáticas com os EUA2015Cuba
39%
Ultrapassar 100 milhões em população2019Egito
35%
Controlar o Mediterrâneo395Império Romano
35%
Unir-se à União Europeia2013Croácia
33%
Ter 10% de redução populacional2010–2018Síria
29%
Anexar-se à China1951Tibete
29%
Abolir sua monarquia2008Nepal
23%
Ganhar status de "observador" na ONU2012Palestina
20%
Abolir a escravidão1981Mauritânia
13%
Ser povoado por humanos1770Seychelles
12%
Ser anexado1990Alemanha Oriental
9%
Tornar-se independente do Reino Unido1984Brunei
8%

Distribuição das Pontuações

Percentil de Números Respondidos

Porcentagem de Pessoas com Cada Pontuação

Sua Pontuação Histórica

Você não jogou esse quiz